| 000 | 01414nam a2200337 i 4500 | ||
|---|---|---|---|
| 003 | EG-ScBUE | ||
| 005 | 20240225113942.0 | ||
| 008 | 110818s1990 ua b f b 000 0 ara d | ||
| 017 | _a1990 / 7173 | ||
| 020 | _a9775091004 | ||
| 040 |
_aEG-ScBUE _bara _erda _cEG-ScBUE _dEG-ScBUE |
||
| 041 | 1 |
_aara _hfre |
|
| 043 | _af-ua--- | ||
| 082 | 0 | 4 |
_222 _bج ر ي _a932 |
| 100 | 1 |
_926795 _aجريمال، نيقولا، _eمؤلف. |
|
| 240 | 1 | 0 |
_aHistoire de l'Egypte ancienne. _lArabic |
| 245 | 1 | 0 |
_aتاريخ مصر القديمة / _cنيقولا جريمال ؛ ترجمة ماهر جويجاتي ؛ مراجعة د. زكية طبوزاده. |
| 250 |
_aالطبعة الثانية، _bمصححة ومنقحة. |
||
| 264 | 1 |
_a[القاهرة] : _bدار الفكر للدراسات والنشر والتوزيع، _c[1990] |
|
| 300 |
_a587 صفحة : _bخرائط ؛ _c24 سم |
||
| 336 |
_2rdacontent _aنص _btxt |
||
| 337 |
_aبدون وسيط _2rdamedia _bn |
||
| 338 |
_aمجلد _bnc _2rdacarrier |
||
| 504 | _aيشتمل علي إرجاعات ببليوجرافية. | ||
| 546 | _aالنص باللغة العربية وتم ترجمته من اللغة الفرنسية. | ||
| 651 | 7 |
_2BUEsh _aمصر القديمة _xتاريخ. |
|
| 655 | _vReading book | ||
| 700 | 1 |
_926799 _aجويجاتي، ماهر، _eمترجم. |
|
| 700 | 1 |
_926800 _aطبوزاده، زكية، _eمراجع. |
|
| 942 |
_2ddc _cBB |
||
| 999 |
_c15872 _d15872 |
||